LISIAS discours. Texte établi et traduit par Louis Garnet et Marcel Bizos.
Guardado en:
| Formato: | Libro |
|---|---|
| Idioma: | Greek French |
| Publicado: |
Paris :
Les belles lettres,
1955.
|
| Etiquetas: |
Agregar Etiqueta
Sin Etiquetas, Sea el primero en etiquetar este registro!
|
| LEADER | 00454nam a22001455a 4500 | ||
|---|---|---|---|
| 001 | EHU.bham050010 | ||
| 003 | AR-BHAM | ||
| 005 | 20050623122922.0 | ||
| 008 | 041125s1955####fr############000#0#gre#d | ||
| 041 | 0 | |a gre |a fre | |
| 082 | 0 | 4 | |a 885 |
| 245 | 0 | 0 | |a LISIAS discours. Texte établi et traduit par Louis Garnet et Marcel Bizos. |
| 260 | |a Paris : |b Les belles lettres, |c 1955. | ||
| 300 | |a 2 v. | ||
| 859 | |a AR-BHAM |b BIB. HUMANIDADES - Seccion BC |h 885 |i L687-1 |p BC1244/959 |v v.1 BC | ||
